006140000a220009700045001000018000002450035000183000045000535000235000985200159003337730024004921 aSalas, German10aLa iglesia y el antijudaísmo aVol.3, núm.7 (1994), Páginas 106-108 aGerman Salas es autor de algunos libros de poesía. Actualmente es anciano de una pequeña iglesia en Aguas Zarca de San Carlos, Csota Rica y vicepresidente de la Embajada Cristiana Internacional en Jerusalem (Rama Costa Rica). aAntijudaísmo camuflado dentro del cristianismo nominal y hasta nuestros días está vigente. ¿Quién y qué es la Iglesia de Yechúa el Mesías?0 tConquista Cristiana